00760nam a2200181 a 450000100100000000500170001000800410002704000250006810000450009324500910013826000630022930000200029249000320031271000730034483000390041795201050045699900170056100004329420201002040809.0140304s2010 dr 000 0 spa d aDO-SdBNPbspacBNPHU1 aRodríguez Cabrer, Miguel Antonio9225910aGeopolítica del caribe insular y centroamerica /cMiguel Antonio Rodríguez Cabrer. aSanto Domingo, :bUNICARIBE,c2010fSomos Artes Gráficas a50 p. ;c24 cm.1 aCuadernos Diplomáticosv212aUniversidad del CaribebEscuela de Relaciones Internacionales970929 0aCuadernos Diplomáticosn2970931 0010718PDaPDbPDcCTd2014-03-04iLF1l0o p43294-10r2020-06-25w2020-06-25yLFPDZNo se presta c42783d42783